000 00736nam a2200217Ii 4500
003 JO-AjNU
008 230605s9999||||xx |||||||||||||| ||und||
040 _aJO-AjNU
_bara
_erda
_cJO-AjNU
041 _aara
050 1 4 _aDs38.4.U5.K3
100 3 _aتاليف خطاب، محمود شيت,
_eauthor
_937396
245 0 0 _aعمر بن الخطاب: الفاروق القائد
250 _aط2
264 3 1 _aبيروت: دار مكتبة الحياة
300 _a229ص
336 _atext
_btxt
_2rdacontent
337 _aunmediated
_bn
_2rdamedia
338 _avolume
_bnc
_2rdacarrier
490 0 _aقادة الفتح الاسلامي
650 4 _aالخلفاء الراشدون-تراجم ، عمر بن الخطاب
_937397
999 _aA15621
_c19189
_d19189